000 00501nmm a2200181Ia 4500
008 251105s9999||||xx |||||||||||||||||und||
020 _a9788415260417
041 _aspa
100 _aAlicia Lindón
245 0 _aGeografías de lo imaginario
264 _a[Madrid, España] :
_bAnthropos,
_c2012
300 _a252 páginas
490 _aObras generales
650 _aPhysical Geography
700 _a Daniel Hiernaux
856 _uhttps://public.digitaliapublishing.com/a/19778
942 _cCF
999 _c61576
_d61576